<?xml version="1.0" encoding="UTF-8"?>
<record
    xmlns:xsi="http://www.w3.org/2001/XMLSchema-instance"
    xsi:schemaLocation="http://www.loc.gov/MARC21/slim http://www.loc.gov/standards/marcxml/schema/MARC21slim.xsd"
    xmlns="http://www.loc.gov/MARC21/slim">

  <leader>00713nam a22001817a 4500</leader>
  <controlfield tag="003">UA-OsUOA</controlfield>
  <controlfield tag="001"> 18651 </controlfield>
  <controlfield tag="007">ta</controlfield>
  <controlfield tag="008">20040526b un ||||| |||| 00| 0 ukr d</controlfield>
  <datafield tag="100" ind1=" " ind2=" ">
    <subfield code="a">&#x424;&#x440;&#x430;&#x43D;&#x447;&#x443;&#x43A; &#x412;.</subfield>
  </datafield>
  <datafield tag="942" ind1=" " ind2=" ">
    <subfield code="c">SA</subfield>
  </datafield>
  <datafield tag="040" ind1=" " ind2=" ">
    <subfield code="a">UA-OsUOA</subfield>
    <subfield code="c">UA-OsUOA</subfield>
    <subfield code="d">UA-OsUOA</subfield>
  </datafield>
  <datafield tag="245" ind1=" " ind2=" ">
    <subfield code="a">&#x407;&#x445; &#x456;&#x43C;&#x435;&#x43D;&#x430; &#x432;&#x43A;&#x430;&#x440;&#x431;&#x43E;&#x432;&#x430;&#x43D;&#x456; &#x443; &#x433;&#x440;&#x430;&#x43D;&#x456;&#x442;</subfield>
    <subfield code="b">[&#x41F;&#x440;&#x43E; &#x432;&#x456;&#x434;&#x43A;&#x440;&#x438;&#x442;&#x442;&#x44F; &#x43F;&#x430;&#x43C;'&#x44F;&#x442;&#x43D;&#x438;&#x43A;&#x430; &#x437;&#x430;&#x433;&#x438;&#x431;&#x43B;&#x438;&#x43C; &#x433;&#x435;&#x440;&#x43E;&#x44F;&#x43C; &#x442;&#x430; &#x436;&#x435;&#x440;&#x442;&#x432;&#x430;&#x43C; &#x431;&#x456;&#x43B;&#x44C;&#x448;&#x43E;&#x432;&#x438;&#x446;&#x44C;&#x43A;&#x438;&#x445; &#x440;&#x435;&#x43F;&#x440;&#x435;&#x441;&#x456;&#x439; 1939-1955 &#x440;&#x440;. &#x443; &#x441;.&#x412;&#x435;&#x43B;&#x438;&#x43A;&#x456; &#x41C;&#x435;&#x436;&#x438;&#x440;&#x456;&#x447;&#x456; &#x41A;&#x43E;&#x440;&#x435;&#x446;. &#x440;-&#x43D;&#x443;]</subfield>
  </datafield>
  <datafield tag="300" ind1=" " ind2=" ">
    <subfield code="a">&#x421;.3</subfield>
  </datafield>
  <datafield tag="955" ind1=" " ind2=" ">
    <subfield code="a">0</subfield>
  </datafield>
  <datafield tag="773" ind1="0" ind2=" ">
    <subfield code="w">0</subfield>
    <subfield code="t">&#x412;&#x41E;&#x41B;&#x418;&#x41D;&#x42C;</subfield>
    <subfield code="d">&#x420;&#x456;&#x432;&#x43D;&#x435;</subfield>
    <subfield code="d">2004</subfield>
    <subfield code="g">&#x2116;21/21 &#x442;&#x440;&#x430;&#x432;./</subfield>
  </datafield>
  <datafield tag="650" ind1=" " ind2="7">
    <subfield code="a">&#x41A;&#x440;&#x430;&#x454;&#x437;&#x43D;&#x430;&#x432;&#x447;&#x430; &#x440;&#x43E;&#x431;&#x43E;&#x442;&#x430;</subfield>
    <subfield code="2">UDC</subfield>
  </datafield>
  <datafield tag="999" ind1=" " ind2=" ">
    <subfield code="c">304822</subfield>
    <subfield code="d">304822</subfield>
  </datafield>
</record>
